00321nam a2200145Ia 45000030006000000080041000060400015000471000015000622450020000772500006000972600035001033000006001385460014001440050017001580STCL150530s9999 xx 000 0 und d aSTCLcSTCL aNair, S.K. aSachivapratigna a2 bPoorna; Calicutc1977aCalicut a0 aMalayalam20220125170814.0